000 00595nam a2200217Ia 4500
005 20241216011040.0
008 190212s9999||||xx |||||||||||||| ||und||
082 _a657.42
_bH76
100 _aHORNGREN, CHARLES
245 0 _aLA CONTABILIDAD DE COSTOS
_bEN LA DIRECCION DE EMPRESAS
250 _a0
260 _aMEXICO
_bUTEHA
_c1969
300 _a919 pag
_c23 cm
341 _h0
490 _v0
_a0
505 _aFUNDAMENTOS-CONTABILIDAD DE COSTOS/SISTEMAS-CONTABILIDAD
541 _aC
_d26-Nov-93
_oSoles
650 _aCIENCIAS APLICADAS
856 _zCiencias Aplicadas
942 _cLIBRO
999 _c31212
_d31212